106_ Personnalités nées un 16 avril par images - Statistiques

Statistiques générales
  • Ce quiz a été pris 37 fois
  • Le résultat moyen est 6 sur 12
Statistiques - réponses
Par images Hint Réponse % Correct
Acteur Charlie Chaplin
100%
Acteur Michel Blanc
78%
Religieux Benoît XVI
73%
Animateur Tex
73%
Politicien Fabien Roussel
68%
Journaliste Michel Denisot
59%
Actrice Anya Taylor-Joy
49%
Actrice Sadie Sink
30%
Basketteur Boris Diaw
27%
Chanteur Boby Lapointe
16%
Reine Margrethe II
14%
Famille Royale Eléonore de Belgique
5%
Aucun quiz correspondant
Distribution des résultats
% des personnes avec chaque résultat
Percentile par nombre de réponses
Votre historique - résultats
Vous n’avez pas pris ce quiz